Statistics for European Geography By Letter - A

Click here to take the quiz!

General Stats

  • This quiz has been taken 80,036 times
    (79,809 since last reset)
  • The average score is 12 of 20

Answer Stats

ClueAnswer% Correct
Capital of GreeceAthens
99%
Capital of the NetherlandsAmsterdam
94%
Country in the PyreneesAndorra
87%
Tallest mountain range in Western EuropeAlps
86%
Landlocked country located
mostly in the above
Austria
82%
Nazi concentration camp in PolandAuschwitz
81%
Sea between Italy and the BalkansAdriatic
76%
Majority Muslim countryAlbania
73%
Western border of Europe, "The Pond"Atlantic
68%
Sea between Greece and TurkeyAegean
60%
Southern region of SpainAndalusia
60%
Scotland's "Granite City"Aberdeen
58%
Portuguese volcanic islands in the aboveAzores
51%
Largest city in FlandersAntwerp
49%
Historical French region that borders
Germany and Lorraine
Alsace
48%
Southernmost region of PortugalAlgarve
30%
French city once home to the PapacyAvignon
30%
Denmark's second biggest cityAarhus
28%
Capital of CorsicaAjaccio
26%
Largest Welsh islandAnglesey
23%

Score Distribution

Percentile by Number Answered

Percent of People with Each Score

Your Score History

You have not taken this quiz since the last reset